00409nmm a2200145Ia 4500008004100000041000800041100002000049245003600069264005200105300001700157490001400174856005100188942000700239999001700246251105s9999||||xx |||||||||||||||||und|| aspa avarios, Autores 0aCopenhague. En un fin de semana a[Madrid, España] :bEcos Travel Books, c2012 a58 páginas aGUÍAS10 uhttps://public.digitaliapublishing.com/a/33879 cCF c99439d99439